| 000 | 00787cam a22001935a 4500 | ||
|---|---|---|---|
| 001 | L156602 | ||
| 008 | 120612s1926 xxk f 000 0 eng d | ||
| 035 | _a(Sirsi) u156602 | ||
| 041 | 0 | _aeng | |
| 110 | 2 |
_aNational Association of Auctioneers, House Agents, Rating Surveyors and Valuers _94989 |
|
| 245 | 0 | 0 | _aSpecial resolution ... of the National Association of Auctioneers, House Agents, Rating Surveyors, and Valuers, Limited |
| 260 |
_aLondon _bJordan & Sons _c1926 |
||
| 300 |
_a1 sheet _c33 cm. |
||
| 520 | _aA special resolution passed at an Extraordinary General Meeting on 30 July 1926, which makes various changes to the Articles of Association of the NAA. | ||
| 651 | 4 |
_aGreat Britain _y1707- |
|
| 690 |
_aAuctioneering _96218 |
||
| 690 |
_aValuation _96273 |
||
| 942 | _n0 | ||
| 999 |
_c114313 _d114313 |
||